| 000 | 03131nam0a2200457 4500 | ||
|---|---|---|---|
| 001 | RU\NLR\bibl\1502678 | ||
| 005 | 20260405072908.0 | ||
| 021 |
_aRU _b2010-18164 _91219 |
||
| 035 | _a(NLR Aleph) 001494124 | ||
| 035 | _a(nilc)RSL-KNO-004595260 | ||
| 090 |
_a1778609 _c1778609 |
||
| 100 | _a20100312d2009 |||y0rusy50 ca | ||
| 101 | 0 | _arus | |
| 102 | _aRU | ||
| 105 | _aa zzzz||||| | ||
| 200 | 1 |
_aАнализ ошибок компьютерного моделирования глобального освещения _fА. Г. Волобой, В.А. Галактионов, С.В. Ершов [и др.] |
|
| 210 |
_aМосква _c[б. и.] _d2009 |
||
| 215 |
_a23 с. _cил. _d20 |
||
| 225 | 1 |
_aПрепринт _fРос. акад. наук, Ин-т прикладной математики им. М. В. Келдыша _v№ 54 за 2009 г. |
|
| 320 | _aБиблиогр.: с. 22-23 (9 назв.) | ||
| 606 | 1 |
_aКомпьютерная графика _xМатематические основы _92210462 _3RU\NLR\auth\661327874 |
|
| 606 | 1 |
_aСвет _xРассеяние поверхностью _92417485 _3RU\NLR\auth\661439928 |
|
| 610 | 0 | _aЭнергетика -- Электроэнергетика. Электротехника -- Использование электрической энергии -- Электрическое освещение. Светотехника -- Моделирование на вычислительных машинах | |
| 610 | 0 | _aИскусство. Искусствознание -- Театр -- Теория театра -- Творческие компоненты и выразительные средства сценического искусства -- Сцена. Изобразительное решение спектакля -- Техника сцены -- Световое оборудование -- Методы исследования | |
| 610 | 0 | _aИскусство. Искусствознание -- Театр -- Теория театра -- Творческие компоненты и выразительные средства сценического искусства -- Сцена. Изобразительное решение спектакля -- Свет в театре -- Методы исследования | |
| 610 | 0 | _aосвещенность - математическое моделирование | |
| 686 |
_aЗ294-01с116,0 _2rubbk |
||
| 686 |
_aЩ330.773с1,0 _2rubbk |
||
| 686 |
_aЩ330.778.3с1,0 _2rubbk |
||
| 686 | _aЗ973.235-01 | ||
| 686 | _aВ343.6 | ||
| 701 | 1 |
_4070 _8rus _7ca _aВолобой _bА. Г. _f1966- _gАлексей Геннадьевич _3RU\NLR\AUTH\7725320 _98369 |
|
| 701 | 1 |
_4070 _7ca _8rus _aГалактионов _bВ. А. _cд-р физ.-мат. наук, компьютер. графика _gВладимир Александрович _921413 _3RU\NLR\AUTH\7738429 |
|
| 701 | 1 |
_aЕршов _bС. В. _4070 |
|
| 801 | 0 |
_aRU _bРГБ _c20100312 _grcr |
|
| 801 | 1 |
_aRU _bРГБ _c20100312 |
|
| 801 | 2 |
_aRU _bNLR _c20100421 _grcr |
|
| 942 | _cBOOK | ||
| 980 | _aNB | ||